[Event "USA-ch G2"]
[Site "Chandler"]
[Date "1997.08.31"]
[Round "7"]
[White "Gurevich, Dmitry"]
[Black "Schwartzman, Gabriel"]
[Result "1/2-1/2"]
[WhiteElo "2575"]
[BlackElo "2515"]
[PlyCount "123"]
[EventDate "1997.08.23"]
[EventType "tourn"]
[EventRounds "7"]
[EventCountry "USA"]
[EventCategory "13"]
[SourceTitle "CBM 061"]
[Source "ChessBase"]
[SourceDate "1997.11.23"]
[SourceVersion "1"]
[SourceVersionDate "1997.11.23"]
[SourceQuality "1"]

1. Nf3 f5 2. d4 Nf6 3. Bg5 e6 4. Nbd2 Be7 5. Bxf6 Bxf6 6. e4 0-0 7. Bd3 d5 8. exf5 exf5 9. 0-0 Nc6 10. c3 Qd6 11. Re1 Bd7 12. b4 Rae8 13. Qc2 g6 14. b5 Nd8 15. Nb3 b6 16. Nbd2 c5 17. bxc6 Nxc6 18. a4 Rxe1+ 19. Rxe1 Re8 20. Rxe8+ Bxe8 21. g3 Na5 22. Bb5 Bf7 23. Qd3 Qc7 24. Qe3 Nb7 25. Ne5 Bxe5 26. dxe5 Nc5 27. Nf3 a6 28. e6 Bxe6 29. Bxa6 Bf7 30. Bb5 Ne4 31. Kg2 Nxc3 32. Nd4 Ne4 33. Bc6 Qd6 34. f3 Nf6 35. Qb3 Qc5 36. Qe3 Qd6 37. Qb3 Qd8 38. Qe3 Ne8 39. Bb5 Nd6 40. Nc6 Qc7 41. Qd4 Nc4 42. h4 Qd6 43. h5 gxh5 44. Qh4 Kf8 45. Qd4 f4 46. Nb8 Ne3+ 47. Kf2 Nf5 48. Qh8+ Bg8 49. Nd7+ Kf7 50. gxf4 Ng7 51. Ne5+ Kf8 52. Nd7+ Kf7 53. Ne5+ Kf8 54. Bd3 Qb4 55. Nd7+ Kf7 56. Ne5+ Kf8 57. Bxh7 Qd2+ 58. Kf1 Qd1+ 59. Kf2 Qd2+ 60. Kf1 Qd1+ 61. Kg2 Qe2+ 62. Kg1 1/2-1/2

[Event "USA-ch G2"]
[Site "Chandler"]
[Date "1997.08.24"]
[Round "2"]
[White "Shabalov, Alexander"]
[Black "Schwartzman, Gabriel"]
[Result "1-0"]
[WhiteElo "2585"]
[BlackElo "2515"]
[PlyCount "77"]
[EventDate "1997.08.23"]
[EventType "tourn"]
[EventRounds "7"]
[EventCountry "USA"]
[EventCategory "13"]
[SourceTitle "CBM 061"]
[Source "ChessBase"]
[SourceDate "1997.11.23"]
[SourceVersion "1"]
[SourceVersionDate "1997.11.23"]
[SourceQuality "1"]

1. e4 e6 2. d4 d5 3. Nc3 Nf6 4. Bg5 dxe4 5. Nxe4 Nbd7 6. Nf3 Be7 7. Nxf6+ Bxf6 8. h4 h6 9. Bxf6 Qxf6 10. Bc4 0-0 11. Qe2 c5 12. 0-0-0 cxd4 13. Rxd4 e5 14. Rd2 a6 15. Re1 Re8 16. Qe4 Nc5 17. Qe3 Na4 18. Nxe5 Be6 19. Rd6 Rad8 20. Rxd8 Rxd8 21. Bxe6 Qxe6 22. Qb3 Rd5 23. Qxb7 Nc5 24. Qa8+ Kh7 25. Nf3 Qd7 26. b3 Qd6 27. Qe8 Qf6 28. Kb1 a5 29. Qe3 a4 30. b4 a3 31. Ne5 Qxh4 32. c4 Na4 33. cxd5 Qxb4+ 34. Kc2 Qb2+ 35. Kd3 Qb5+ 36. Ke4 f6 37. Kf3 fxe5 38. Qe4+ Kh8 39. Qxe5 1-0

[Event "National op"]
[Site "Las Vegas"]
[Date "1997.??.??"]
[Round "6"]
[White "Gurevich, Dmitry"]
[Black "Schwartzman, Gabriel"]
[Result "1-0"]
[WhiteElo "2635"]
[BlackElo "2605"]
[PlyCount "87"]
[EventDate "1997.08.03"]
[EventType "swiss"]
[EventRounds "6"]
[EventCountry "USA"]
[SourceTitle "CBM 058 Extra"]
[Source "ChessBase"]
[SourceDate "1997.07.29"]
[SourceVersion "1"]
[SourceVersionDate "1997.07.29"]
[SourceQuality "1"]

1. Nf3 d5 2. c4 dxc4 3. e3 Nf6 4. Bxc4 c5 5. d4 cxd4 6. exd4 e6 7. 0-0 Be7 8. Qe2 0-0 9. Nc3 Nc6 10. Rd1 Nb4 11. Ne5 Nbd5 12. Bg5 Nxc3 13. bxc3 Nd5 14. Bd2 Bg5 15. Bb3 Bxd2 16. Qxd2 Qf6 17. c4 Nf4 18. Qe3 Ng6 19. g3 Rd8 20. f4 Ne7 21. Rd2 Nf5 22. Qe4 Nd6 23. Qf3 Rb8 24. Rad1 Nf5 25. c5 Ne7 26. Ng4 Qf5 27. Ne3 Qf6 28. Ng4 Qf5 29. Bc2 Qd5 30. Be4 Qd7 31. Ne5 Qe8 32. Qa3 a6 33. Qa5 f6 34. Nc4 Nd5 35. Nd6 Qf8 36. Re1 Bd7 37. f5 Kh8 38. Bxd5 exd5 39. Qc7 Kg8 40. Rde2 g6 41. Re7 Bxf5 42. Rxh7 Be4 43. Nf7 Kxh7 44. Nxd8+ 1-0

[Event "National op"]
[Site "Las Vegas"]
[Date "1997.??.??"]
[Round "3"]
[White "Schwartzman, Gabriel"]
[Black "Vest, David M"]
[Result "1-0"]
[WhiteElo "2605"]
[BlackElo "2235"]
[PlyCount "67"]
[EventDate "1997.08.03"]
[EventType "swiss"]
[EventRounds "6"]
[EventCountry "USA"]
[SourceTitle "CBM 058 Extra"]
[Source "ChessBase"]
[SourceDate "1997.07.29"]
[SourceVersion "1"]
[SourceVersionDate "1997.07.29"]
[SourceQuality "1"]

1. c4 e5 2. Nc3 Nc6 3. Nf3 f5 4. d4 e4 5. Ng5 h6 6. Nh3 g5 7. e3 Nf6 8. Ng1 Bb4 9. h4 Kf7 10. Bd2 a5 11. a3 Bxc3 12. Bxc3 d5 13. cxd5 Ne7 14. d6 cxd6 15. d5 g4 16. Bc4 Bd7 17. Ne2 b5 18. Bb3 h5 19. Nf4 Ng6 20. Ne6 Bxe6 21. dxe6+ Ke7 22. Rc1 Rc8 23. 0-0 Ne5 24. Qd2 a4 25. Bxe5 dxe5 26. Qb4+ Qd6 27. Qxb5 Rxc1 28. Rxc1 Rb8 29. Qxa4 Qb6 30. Rc6 Qb7 31. Qc4 Qxb3 32. Rc7+ Kd8 33. e7+ Ke8 34. Qc6+ 1-0

[Event "Chicago op"]
[Site "Chicago"]
[Date "1996.??.??"]
[Round "?"]
[White "Adelman, Charles D"]
[Black "Schwartzman, Gabriel"]
[Result "0-1"]
[WhiteElo "2275"]
[BlackElo "2510"]
[PlyCount "92"]
[EventDate "1996.??.??"]
[EventType "swiss"]
[EventRounds "9"]
[EventCountry "USA"]
[SourceTitle "EXT 2001"]
[Source "ChessBase"]
[SourceDate "2000.11.22"]
[SourceVersion "1"]
[SourceVersionDate "2000.11.22"]
[SourceQuality "1"]

1. Nf3 d5 2. b3 Nf6 3. Bb2 c6 4. g3 Bg4 5. Bg2 Nbd7 6. d3 e6 7. Nbd2 Bd6 8. e4 dxe4 9. dxe4 Be5 10. Bxe5 Nxe5 11. Qe2 Nxf3+ 12. Bxf3 Bxf3 13. Nxf3 Qa5+ 14. Kf1 Qb4 15. c4 Ke7 16. Qe3 h6 17. Kg2 Rhd8 18. a3 Qb6 19. c5 Qa5 20. Rhd1 Rxd1 21. Rxd1 Qxa3 22. Qc3 Qa6 23. Qe5 Qa5 24. b4 Qxb4 25. Qc7+ Kf8 26. Ne5 Qxe4+ 27. Kg1 Kg8 28. Qxf7+ Kh7 29. Qxb7 Rf8 30. Qb1 Qxb1 31. Rxb1 Rc8 32. Rb7 Ra8 33. Nxc6 a5 34. Nd4 a4 35. Rb1 e5 36. Nb5 Rb8 37. c6 Nd5 38. Kg2 Kg6 39. Kf3 Kf6 40. Nc3 Rxb1 41. Nxb1 Ke6 42. Na3 Kd6 43. Ke4 Kxc6 44. Kxe5 Kc5 45. Nb1 Kc4 46. f4 Nc3 0-1

[Event "National op"]
[Site "Las Vegas"]
[Date "1996.??.??"]
[Round "?"]
[White "Huber, Gregory"]
[Black "Schwartzman, Gabriel"]
[Result "0-1"]
[WhiteElo "2240"]
[BlackElo "2510"]
[PlyCount "112"]
[EventDate "1996.??.??"]
[EventType "swiss"]
[EventRounds "9"]
[EventCountry "USA"]
[SourceTitle "EXT 2001"]
[Source "ChessBase"]
[SourceDate "2000.11.22"]
[SourceVersion "1"]
[SourceVersionDate "2000.11.22"]
[SourceQuality "1"]

1. e4 e6 2. d4 d5 3. Nd2 c5 4. exd5 Qxd5 5. Ngf3 cxd4 6. Bc4 Qd6 7. 0-0 Nf6 8. Nb3 Nc6 9. Nbxd4 Nxd4 10. Nxd4 Bd7 11. c3 Qc7 12. Qe2 Be7 13. Rd1 a6 14. Bd3 0-0 15. Bg5 Rfe8 16. Bc2 Rad8 17. Rd2 g6 18. Nf3 Bb5 19. Qe5 Qxe5 20. Nxe5 Rxd2 21. Bxd2 Rd8 22. Bg5 Nd5 23. Bxe7 Nxe7 24. Rd1 Rxd1+ 25. Bxd1 f6 26. Ng4 Kf7 27. a4 Bd3 28. a5 Nf5 29. f3 Ke7 30. Kf2 Nd6 31. Ke3 Bf1 32. Kf2 Bb5 33. b3 Bc6 34. Ke2 e5 35. Bc2 Ke6 36. Nf2 f5 37. Nd3 Nb5 38. Kd2 Kd6 39. c4 Nd4 40. Bd1 g5 41. b4 h5 42. Nc5 h4 43. h3 e4 44. fxe4 fxe4 45. Bg4 Ke5 46. Bc8 Kf4 47. Bxb7 Bxb7 48. Nxb7 e3+ 49. Kd1 Kg3 50. Nc5 Kxg2 51. b5 axb5 52. a6 Kf1 53. Nd3 bxc4 54. Nc1 c3 55. Nd3 e2+ 56. Kc1 Nb5 0-1

[Event "Dallas Pinfork op1"]
[Site "Dallas"]
[Date "1996.??.??"]
[Round "?"]
[White "Schwartzman, Gabriel"]
[Black "Ivanov, Alexander V"]
[Result "0-1"]
[WhiteElo "2510"]
[BlackElo "2280"]
[PlyCount "34"]
[EventDate "1996.03.01"]
[EventType "swiss"]
[EventRounds "6"]
[EventCountry "USA"]
[SourceTitle "EXT 1999"]
[Source "ChessBase"]
[SourceDate "1998.11.16"]
[SourceVersion "1"]
[SourceVersionDate "1998.11.16"]
[SourceQuality "1"]

1. Nf3 Nf6 2. c4 b6 3. g3 c5 4. Bg2 Bb7 5. 0-0 g6 6. d4 cxd4 7. Qxd4 Bg7 8. Nc3 d6 9. Be3 Nbd7 10. Rac1 a6 11. Rfd1 0-0 12. Qh4 b5 13. cxb5 axb5 14. a3 Qa5 15. Nd4 Bxg2 16. Kxg2 Rab8 17. Kf1 Ne5 0-1

[Event "Dallas Pinfork op4"]
[Site "Dallas"]
[Date "1996.??.??"]
[Round "?"]
[White "Schwartzman, Gabriel"]
[Black "Kaidanov, Gregory S"]
[Result "0-1"]
[WhiteElo "2510"]
[BlackElo "2605"]
[PlyCount "80"]
[EventDate "1996.??.??"]
[EventType "swiss"]
[EventRounds "7"]
[EventCountry "USA"]
[SourceTitle "EXT 2001"]
[Source "ChessBase"]
[SourceDate "2000.11.22"]
[SourceVersion "1"]
[SourceVersionDate "2000.11.22"]
[SourceQuality "1"]

1. c4 c6 2. d4 d5 3. cxd5 cxd5 4. Nf3 Nc6 5. Bf4 Nf6 6. e3 a6 7. Bd3 Bg4 8. Nbd2 e6 9. a3 Bd6 10. Bg3 0-0 11. 0-0 Bxg3 12. hxg3 e5 13. dxe5 Nxe5 14. Be2 Nc6 15. Nb3 Qb6 16. Nfd4 Bxe2 17. Nxe2 Rfe8 18. a4 Rxe3 19. fxe3 Qxe3+ 20. Kh1 Qh6+ 21. Kg1 Qe3+ 22. Kh1 Qh6+ 23. Kg1 Ng4 24. Rf3 Re8 25. Qd4 Qh2+ 26. Kf1 Qh1+ 27. Ng1 Nh2+ 28. Kf2 Ng4+ 29. Kf1 Nh2+ 30. Kf2 Ne5 31. Rf4 Neg4+ 32. Rxg4 Nxg4+ 33. Kf3 Ne3 34. Qd2 g5 35. g4 h5 36. Qxe3 hxg4+ 37. Kf2 Rxe3 38. Kxe3 Qxg2 39. Nd2 Qg3+ 40. Ke2 Qe5+ 0-1

[Event "Chicago op"]
[Site "Chicago"]
[Date "1996.??.??"]
[Round "?"]
[White "Schwartzman, Gabriel"]
[Black "Lugo, Blas"]
[Result "0-1"]
[WhiteElo "2510"]
[BlackElo "2370"]
[PlyCount "76"]
[EventDate "1996.??.??"]
[EventType "swiss"]
[EventRounds "9"]
[EventCountry "USA"]
[SourceTitle "EXT 2001"]
[Source "ChessBase"]
[SourceDate "2000.11.22"]
[SourceVersion "1"]
[SourceVersionDate "2000.11.22"]
[SourceQuality "1"]

1. Nf3 d5 2. g3 c6 3. Bg2 Bg4 4. b3 Nd7 5. Bb2 Ngf6 6. d3 e6 7. Nbd2 Bd6 8. 0-0 0-0 9. h3 Bxf3 10. Nxf3 a5 11. a3 b5 12. e4 Qc7 13. Qe2 e5 14. Nh4 dxe4 15. dxe4 Rfe8 16. Nf5 Bc5 17. Kh2 Bf8 18. f4 g6 19. Nh4 exf4 20. gxf4 Nh5 21. e5 Bh6 22. Nf5 Bxf4+ 23. Kh1 Nxe5 24. Qxh5 gxh5 25. Rxf4 Re6 26. Raf1 Rd8 27. Bc3 Rd7 28. Re4 Rd5 29. Re3 Ng4 30. hxg4 Rxf5 31. gxf5 Rxe3 32. Bd2 Re2 33. Bf4 Qe7 34. Bg3 Qg5 35. Bf3 Rxc2 36. Rg1 Rc1 37. Bd1 Rxd1 38. Rxd1 Qxg3 0-1

[Event "US Open-97"]
[Site "Alexandria"]
[Date "1996.??.??"]
[Round "10"]
[White "Schwartzman, Gabriel"]
[Black "Reprintsev, Alexander"]
[Result "1-0"]
[WhiteElo "2510"]
[BlackElo "2400"]
[PlyCount "81"]
[EventDate "1996.08.04"]
[EventType "swiss"]
[EventRounds "12"]
[EventCountry "USA"]
[SourceTitle "EXT 2000"]
[Source "ChessBase"]
[SourceDate "1999.11.16"]
[SourceVersion "1"]
[SourceVersionDate "1999.11.16"]
[SourceQuality "1"]

1. Nf3 d5 2. g3 Nc6 3. d4 Bg4 4. Bg2 e6 5. 0-0 Nf6 6. c4 dxc4 7. Qa4 Bd6 8. Nc3 0-0 9. Qxc4 h6 10. Rd1 Qe7 11. a3 a6 12. Ne5 Nxe5 13. dxe5 Bxe5 14. Bxb7 Rad8 15. Be3 Rb8 16. Qc6 Bxc3 17. bxc3 Bxe2 18. Bc5 Qe8 19. Rd2 Bb5 20. Qxc7 Rxb7 21. Qxb7 Bc6 22. Qe7 Ne4 23. Qxf8+ Qxf8 24. Bxf8 Nxd2 25. Bd6 Nf3+ 26. Kf1 Nxh2+ 27. Ke2 Bb5+ 28. Ke3 Ng4+ 29. Kd4 Nxf2 30. c4 Ba4 31. Rb1 f5 32. Rb8+ Kf7 33. Rb7+ Kg6 34. Be5 Ne4 35. Rxg7+ Kh5 36. Bf4 Be8 37. Rh7 Ng5 38. Bxg5 Kxg5 39. Ke5 Kg4 40. Rxh6 Kxg3 41. Rxe6 1-0

[Event "Chicago op"]
[Site "Chicago"]
[Date "1996.??.??"]
[Round "?"]
[White "Schwartzman, Gabriel"]
[Black "Shahade, Gregory P"]
[Result "1-0"]
[WhiteElo "2510"]
[BlackElo "2250"]
[PlyCount "144"]
[EventDate "1996.??.??"]
[EventType "swiss"]
[EventRounds "9"]
[EventCountry "USA"]
[SourceTitle "EXT 2001"]
[Source "ChessBase"]
[SourceDate "2000.11.22"]
[SourceVersion "1"]
[SourceVersionDate "2000.11.22"]
[SourceQuality "1"]

1. c4 c5 2. Nc3 b6 3. Nf3 Bb7 4. e4 d6 5. d4 cxd4 6. Nxd4 Nf6 7. f3 e6 8. Be2 Be7 9. 0-0 0-0 10. Be3 a6 11. a4 Nbd7 12. a5 Qc7 13. Nb3 Rfd8 14. axb6 Nxb6 15. Na5 d5 16. cxd5 exd5 17. Qd4 Nbd7 18. Rfc1 Bc5 19. Nd1 Qxa5 20. Rxa5 Bxd4 21. Bxd4 dxe4 22. Rc7 exf3 23. gxf3 Bc8 24. Ne3 Ne8 25. Rc2 Ndf6 26. Bb6 Rd6 27. Bc5 Re6 28. Bc4 Re5 29. f4 Re4 30. Bf1 Rxf4 31. Bg2 Ne4 32. Nd5 Rg4 33. h3 Rg5 34. Be3 Rxg2+ 35. Kxg2 Bb7 36. Kh2 Rd8 37. Ne7+ Kf8 38. Nf5 f6 39. Ra4 g6 40. Nd4 Kf7 41. Nc6 Rc8 42. Ne5+ fxe5 43. Rxc8 Bxc8 44. Rxe4 Kf6 45. Rh4 Kf5 46. Rc4 Bd7 47. Rc5 Ke4 48. Bf2 Nf6 49. Bg3 Nd5 50. Rc1 Kf5 51. Rf1+ Nf4 52. h4 h6 53. Be1 g5 54. Kg3 Ke4 55. hxg5 hxg5 56. Ba5 Ne2+ 57. Kf2 Nf4 58. Bc3 Kf5 59. Kg3 Bb5 60. Rf2 Ke4 61. Ba5 Bd7 62. Rd2 Nd5 63. Bd8 g4 64. Ba5 Be6 65. Rd1 Ke3 66. Bd8 e4 67. Bg5+ Ke2 68. Rd2+ Kf1 69. Rd4 e3 70. Re4 e2 71. Bd2 Bd7 72. b3 Bc6 1-0

[Event "Hoogovens op"]
[Site "Wijk aan Zee"]
[Date "1995.01.??"]
[Round "7"]
[White "Nikolic, Predrag"]
[Black "Schwartzman, Gabriel"]
[Result "1-0"]
[WhiteElo "2645"]
[BlackElo "2495"]
[PlyCount "217"]
[EventDate "1995.01.??"]
[EventType "swiss"]
[EventRounds "12"]
[EventCountry "NED"]
[SourceTitle "CBM 046"]
[Source "ChessBase"]
[SourceDate "1995.06.01"]
[SourceVersion "1"]
[SourceVersionDate "1995.06.01"]
[SourceQuality "1"]

1. d4 d5 2. c4 c6 3. Nc3 e5 4. dxe5 d4 5. Ne4 Qa5+ 6. Nd2 Nd7 7. e6 fxe6 8. g3 Ngf6 9. Bg2 Be7 10. Ngf3 e5 11. 0-0 Qc7 12. Re1 0-0 13. e3 dxe3 14. Rxe3 Ng4 15. Re2 Nc5 16. b4 Nd3 17. Ne4 Nxb4 18. Bb2 Bf5 19. Qb3 c5 20. h3 Nf6 21. Nxe5 Nxe4 22. Bxe4 Bxe4 23. Rxe4 Bf6 24. Rae1 Rad8 25. a3 Nc6 26. Qe3 Nd4 27. Bxd4 cxd4 28. Rxd4 Bxe5 29. Rxd8 Rxd8 30. Qxe5 Qxc4 31. Qa5 Qd4 32. Re7 Rf8 33. Qe1 Qd5 34. Qb1 Qc5 35. Qa2+ Kh8 36. Rxb7 Qc1+ 37. Kh2 Qc5 38. Rf7 h6 39. Rxf8+ Qxf8 40. a4 a5 41. Qc2 Qf3 42. Qc5 Kh7 43. Qd4 Kh8 44. h4 Kh7 45. Kg1 Qe2 46. Kg2 Qe8 47. Kf3 Kh8 48. Qe4 Qf7+ 49. Kg2 Qc7 50. h5 Qc5 51. g4 Qc3 52. Qf4 Qc6+ 53. Kf1 Qc3 54. Qf8+ Kh7 55. Qf5+ Kh8 56. Qd7 Qc4+ 57. Ke1 Qc1+ 58. Ke2 Qc2+ 59. Kf3 Qc3+ 60. Kf4 Kh7 61. f3 Qc4+ 62. Ke5 Qc5+ 63. Ke6 Qb6+ 64. Kd5 Qb3+ 65. Kd6 Qb6+ 66. Qc6 Qb8+ 67. Kd7 Qa7+ 68. Ke6 Kh8 69. Kd5 Qb8 70. Ke6 Qa7 71. Qe4 Qc7 72. Kd5 Qc3 73. Kd6 Qc8 74. Qf5 Qc3 75. Qd7 Kh7 76. Qc6 Qd4+ 77. Kc7 Qa7+ 78. Kc8 Kh8 79. Qe8+ Kh7 80. Qd7 Qa8+ 81. Kc7 Qa7+ 82. Kc6 Qa6+ 83. Kc5 Qe2 84. Kb6 Qe1 85. Ka6 Qc3 86. f4 Qb4 87. Qb5 Qd6+ 88. Kxa5 Qc7+ 89. Ka6 Qc8+ 90. Kb6 Qxg4 91. Qe5 Qd7 92. a5 Qd8+ 93. Kb5 Qd7+ 94. Kc5 Qa7+ 95. Kc4 Qa6+ 96. Qb5 Qe6+ 97. Qd5 Qa6+ 98. Kb4 Qe2 99. Kc3 Qe1+ 100. Qd2 Qa1+ 101. Kc4 Qa4+ 102. Kc5 Qa3+ 103. Kc4 Qa4+ 104. Kd3 Qb5+ 105. Ke3 Qc5+ 106. Ke4 Qxh5 107. Qb4 Qe8+ 108. Kf3 Qc6+ 109. Qe4+ 1-0

[Event "Hoogovens op"]
[Site "Wijk aan Zee"]
[Date "1995.01.??"]
[Round "12"]
[White "Onischuk, Alexander"]
[Black "Schwartzman, Gabriel"]
[Result "1/2-1/2"]
[WhiteElo "2590"]
[BlackElo "2495"]
[PlyCount "164"]
[EventDate "1995.01.??"]
[EventType "swiss"]
[EventRounds "12"]
[EventCountry "NED"]
[SourceTitle "CBM 046"]
[Source "ChessBase"]
[SourceDate "1995.06.01"]
[SourceVersion "1"]
[SourceVersionDate "1995.06.01"]
[SourceQuality "1"]

1. c4 e5 2. Nc3 Nf6 3. Nf3 Nc6 4. a3 g6 5. g3 Bg7 6. Bg2 0-0 7. 0-0 Re8 8. d3 h6 9. e4 d6 10. h3 Be6 11. Be3 Rf8 12. Rc1 Ne7 13. Nd5 Nd7 14. d4 f5 15. dxe5 dxe5 16. Nh4 f4 17. Nxe7+ Qxe7 18. Nxg6 Qf7 19. Nxf8 Rxf8 20. Bd2 f3 21. Bh1 Bxh3 22. Rc3 Bg4 23. Rc1 Qh5 24. Rc3 Nf6 25. Rd3 Rf7 26. Bc1 Bf8 27. b4 Be7 28. Bxf3 Rg7 29. c5 Kh8 30. Re1 Qh3 31. Bg2 Qh5 32. Qb3 Bh3 33. Bf3 Bg4 34. Qd1 Qh3 35. Qe2 Qh5 36. Red1 Kh7 37. Kf1 Rf7 38. Ke1 Kg7 39. Bxg4 Nxg4 40. Be3 Bg5 41. f4 exf4 42. Bxf4 Bxf4 43. gxf4 Rxf4 44. Rg3 Qh4 45. Qg2 Kf8 46. Rdd3 Ke7 47. e5 c6 48. Rd7+ Ke8 49. Rdd3 Qh5 50. Rge3 Qh4+ 51. Qg3 Nxe3 52. Rxe3 Qxg3+ 53. Rxg3 Re4+ 54. Kd2 Rxe5 55. Rg6 Rh5 56. Rg8+ Kf7 57. Rb8 Rd5+ 58. Ke3 Rd7 59. Kf4 Kf6 60. Rf8+ Kg7 61. Rb8 Re7 62. a4 a6 63. Rd8 Kf6 64. Rd6+ Kg7 65. b5 axb5 66. axb5 cxb5 67. Rb6 h5 68. Rxb5 h4 69. Rb6 Rc7 70. Kg4 Kf8 71. Kxh4 Ke8 72. Kg4 Kd8 73. Rd6+ Kc8 74. Rd5 Rf7 75. Rf5 Rg7+ 76. Kf4 Kc7 77. Ke4 Kc6 78. Kd4 Rg4+ 79. Kd3 Kb5 80. Rf7 Kc6 81. Rf5 Kb5 82. Rf7 Kc6 1/2-1/2

[Event "Hoogovens op"]
[Site "Wijk aan Zee"]
[Date "1995.01.??"]
[Round "1"]
[White "Schwartzman, Gabriel"]
[Black "Hansen, Lars Bo"]
[Result "1/2-1/2"]
[WhiteElo "2495"]
[BlackElo "2565"]
[PlyCount "64"]
[EventDate "1995.01.??"]
[EventType "swiss"]
[EventRounds "12"]
[EventCountry "NED"]
[SourceTitle "CBM 046"]
[Source "ChessBase"]
[SourceDate "1995.06.01"]
[SourceVersion "1"]
[SourceVersionDate "1995.06.01"]
[SourceQuality "1"]

1. Nf3 Nf6 2. g3 c5 3. Bg2 Nc6 4. 0-0 d5 5. d4 e6 6. c4 Be7 7. cxd5 Nxd5 8. Nc3 0-0 9. Nxd5 exd5 10. dxc5 Bxc5 11. Bg5 Qd7 12. Qc2 Bb6 13. Rad1 h6 14. Bf4 Qe7 15. a3 Rd8 16. b4 a6 17. Qb2 d4 18. Rfe1 Bf5 19. Nd2 Qe6 20. Rc1 Rac8 21. Nc4 Bc7 22. Bxc7 Rxc7 23. Na5 Be4 24. Bxe4 Qxe4 25. Qc2 Qg4 26. Nxc6 Rxc6 27. Qd3 Rdc8 28. Rxc6 Rxc6 29. Rd1 b5 30. Qxd4 Qxe2 31. Qd8+ Kh7 32. Qd3+ Qxd3 1/2-1/2

[Event "New York op"]
[Site "Newark"]
[Date "1995.??.??"]
[Round "9"]
[White "Blatny, Pavel"]
[Black "Schwartzman, Gabriel"]
[Result "1-0"]
[WhiteElo "2485"]
[BlackElo "2495"]
[PlyCount "119"]
[EventDate "1995.04.12"]
[EventType "swiss"]
[EventRounds "9"]
[EventCountry "USA"]
[SourceTitle "CBM 047 Extra"]
[Source "ChessBase"]
[SourceDate "1995.09.01"]
[SourceVersion "1"]
[SourceVersionDate "1995.09.01"]
[SourceQuality "1"]

1. e4 e6 2. d4 d5 3. exd5 exd5 4. Bd3 Nf6 5. Nf3 Be7 6. 0-0 Bg4 7. Re1 0-0 8. c3 Nbd7 9. h3 Bh5 10. Bf4 c5 11. Nbd2 c4 12. Bf5 Re8 13. Re3 Bf8 14. Rxe8 Nxe8 15. b3 b5 16. bxc4 bxc4 17. Rb1 Nd6 18. Bg5 Be7 19. Bxe7 Qxe7 20. Bxd7 Qxd7 21. Ne5 Bxd1 22. Nxd7 Bc2 23. Rb2 Bf5 24. Nb8 Kf8 25. Nf1 Ne4 26. Ne3 Be6 27. Nd1 a5 28. Rb6 Ke8 29. Na6 Kd7 30. f3 Nd6 31. Nb2 Nc8 32. Nc5+ Kc7 33. Rb7+ Kc6 34. Nba4 Ra7 35. Rb2 Bd7 36. Kf2 Be8 37. h4 Kc7 38. g4 Bxa4 39. Nxa4 Rb7 40. Rxb7+ Kxb7 41. Ke3 Kc6 42. Kf4 Nd6 43. Ke5 Nb5 44. h5 h6 45. f4 Nd6 46. Nb6 f5 47. gxf5 Nb7 48. Ke6 Nd8+ 49. Ke7 Nb7 50. Nd7 Nd6 51. Ne5+ Kc7 52. f6 gxf6 53. Kxf6 Ne4+ 54. Ke6 Nxc3 55. f5 Ne2 56. f6 c3 57. f7 c2 58. f8Q c1Q 59. Qd6+ Kb7 60. Qxd5+ 1-0

[Event "New York op"]
[Site "Newark"]
[Date "1995.??.??"]
[Round "?"]
[White "Bouchaud, Vincent"]
[Black "Schwartzman, Gabriel"]
[Result "0-1"]
[WhiteElo "2200"]
[BlackElo "2495"]
[PlyCount "38"]
[EventDate "1995.04.12"]
[EventType "swiss"]
[EventRounds "9"]
[EventCountry "USA"]
[SourceTitle "EXT 2002"]
[Source "ChessBase"]
[SourceDate "2001.11.25"]
[SourceVersion "1"]
[SourceVersionDate "2001.11.25"]
[SourceQuality "1"]

1. e4 e6 2. d4 d5 3. exd5 exd5 4. Nf3 Nf6 5. c4 Be7 6. Bd3 0-0 7. 0-0 Bg4 8. c5 Nc6 9. Be3 Ne4 10. h3 Bh5 11. Bb5 f5 12. Bxc6 bxc6 13. g4 fxg4 14. Ne5 Bg5 15. Bxg5 Nxg5 16. hxg4 Nh3+ 17. Kg2 Qh4 18. Qb3 Nf4+ 19. Kg1 Bxg4 0-1

[Event "Hoogovens-B"]
[Site "Wijk aan Zee"]
[Date "1994.01.??"]
[Round "2"]
[White "Pliester, Leon"]
[Black "Schwartzman, Gabriel"]
[Result "1-0"]
[WhiteElo "2395"]
[BlackElo "2500"]
[PlyCount "107"]
[EventDate "1994.01.21"]
[EventType "tourn"]
[EventRounds "9"]
[EventCountry "NED"]
[EventCategory "9"]
[SourceTitle "CBM 040"]
[Source "ChessBase"]
[SourceDate "1994.06.01"]
[SourceVersion "1"]
[SourceVersionDate "1994.06.01"]
[SourceQuality "1"]

1. d4 d5 2. c4 c6 3. Nf3 Nf6 4. Nc3 dxc4 5. a4 Bf5 6. Ne5 e6 7. f3 Bb4 8. Bg5 h6 9. Bh4 c5 10. dxc5 Qxd1+ 11. Kxd1 Nbd7 12. Nxd7 0-0-0 13. e4 Rxd7+ 14. Kc2 Bh7 15. Bxc4 Bxc5 16. Bb5 Rdd8 17. Kb3 a6 18. Be2 Be3 19. Rhd1 g5 20. Bg3 Nd7 21. Ka3 Nb8 22. Be5 Rhg8 23. Bf6 Rxd1 24. Rxd1 Nc6 25. b4 Rg6 26. Bh8 Rg8 27. Bf6 Rg6 28. Bh8 f6 29. Bc4 Bg8 30. b5 Ne5 31. Ba2 a5 32. Kb2 b6 33. Ne2 Bf7 34. Nd4 Bxd4+ 35. Rxd4 Nd7 36. Rd6 Nc5 37. Ka3 Kb7 38. e5 f5 39. Bf6 g4 40. f4 Rg8 41. Bd8 Ne4 42. Rd7+ Kc8 43. Rxf7 Rxd8 44. Bxe6+ Kb8 45. Bxf5 g3 46. Bxe4 gxh2 47. g4 Rd3+ 48. Kb2 Rd4 49. Bb7 Rxa4 50. e6 Rb4+ 51. Kc3 Rxb5 52. e7 Rc5+ 53. Kd2 Rc8 54. Bh1 1-0

[Event "Hoogovens-B"]
[Site "Wijk aan Zee"]
[Date "1994.01.??"]
[Round "1"]
[White "Schwartzman, Gabriel"]
[Black "Hansen, Lars Bo"]
[Result "1-0"]
[WhiteElo "2500"]
[BlackElo "2545"]
[PlyCount "147"]
[EventDate "1994.01.21"]
[EventType "tourn"]
[EventRounds "9"]
[EventCountry "NED"]
[EventCategory "9"]
[SourceTitle "CBM 040"]
[Source "ChessBase"]
[SourceDate "1994.06.01"]
[SourceVersion "1"]
[SourceVersionDate "1994.06.01"]
[SourceQuality "1"]

1. c4 c5 2. Nc3 Nf6 3. g3 d5 4. cxd5 Nxd5 5. Bg2 Nc7 6. Nf3 Nc6 7. 0-0 e5 8. d3 Be7 9. Nd2 Bd7 10. Nc4 f6 11. f4 b5 12. Ne3 exf4 13. gxf4 Rb8 14. Ned5 Nxd5 15. Nxd5 0-0 16. Be3 Nd4 17. Rc1 Be6 18. Bxd4 cxd4 19. Nc7 Bf7 20. Qd2 Bd6 21. Na6 Rc8 22. Rxc8 Qxc8 23. Nb4 Re8 24. Nc6 Qd7 25. b4 Bc7 26. Nxa7 Bd5 27. Bxd5+ Qxd5 28. Qc2 Bxf4 29. Rf3 Qg5+ 30. Kf1 Bxh2 31. Ke1 Qg2 32. Kd1 Qg1+ 33. Kd2 Bf4+ 34. Rxf4 Qe3+ 35. Ke1 Qxf4 36. Nxb5 Kh8 37. Qc6 Qb8 38. a4 Rc8 39. Qd6 Qa8 40. a5 Rd8 41. Qc7 Rb8 42. Qd7 h6 43. Kf2 Rb7 44. Qd5 Qa6 45. Nc7 Qa7 46. b5 Rxc7 47. b6 Qb8 48. bxc7 Qxc7 49. a6 Qf4+ 50. Qf3 Qh2+ 51. Kf1 Qc7 52. Qa8+ Kh7 53. Qe4+ f5 54. Qxf5+ Kh8 55. Qe4 Qc5 56. Kf2 Qf8+ 57. Kg2 Qc5 58. Kf2 Qf8+ 59. Qf3 Qb8 60. Kg2 Qa7 61. Qc6 Kh7 62. Kf2 Qb8 63. Qe4+ Kh8 64. Qxd4 Qh2+ 65. Ke1 Qg3+ 66. Kd1 Qb8 67. a7 Qb1+ 68. Kd2 Qa2+ 69. Ke1 Qa5+ 70. Kf1 Qf5+ 71. Qf2 Qc8 72. Qf3 Qc1+ 73. Kg2 Qg5+ 74. Kh3 1-0